000 00509nam a2200145 a 4500
001 000037707
005 20240305073657.0
008 121115s2012 dr 000 0 spa d
040 _aDO-SdBNP
_bspa
_cBNPHU
100 1 _a Mejía-Ricart G., Tirso,
_d1936-2021
_q(Mejía-Ricart Guzmán)
_91569
245 1 0 _aBreve historia dominicana (1492-1992) /
_cTirso Mejía-Ricart Guzmán.
260 _aSanto Domingo :
_bBúho,
_c2012.
300 _a57 p. ;
_c24 cm.
500 _aEsta edición es una reimpresión del año 1995
999 _c37197
_d37197